LEADER 02351nam 2200577 a 450 001 9910453592303321 005 20200520144314.0 010 $a1-282-52052-0 010 $a9786612520525 010 $a0-8108-6519-X 035 $a(CKB)1000000000542683 035 $a(EBL)466831 035 $a(OCoLC)646520463 035 $a(SSID)ssj0000171739 035 $a(PQKBManifestationID)12001622 035 $a(PQKBTitleCode)TC0000171739 035 $a(PQKBWorkID)10133302 035 $a(PQKB)11032390 035 $a(MiAaPQ)EBC466831 035 $a(Au-PeEL)EBL466831 035 $a(CaPaEBR)ebr10362791 035 $a(CaONFJC)MIL252052 035 $a(EXLCZ)991000000000542683 100 $a20050526d2006 uy 0 101 0 $aeng 135 $aur|n|---||||| 181 $ctxt 182 $cc 183 $acr 200 10$aHistorical dictionary of the discovery and exploration of the Northwest Passage$b[electronic resource] /$fAlan Day 210 $aLanham, Md. $cScarecrow Press$d2006 215 $a1 online resource (474 p.) 225 1 $aHistorical dictionaries of discovery and exploration ;$vno. 3 300 $aDescription based upon print version of record. 311 $a0-8108-5486-4 320 $aIncludes bibliographical references (p. 299-416). 327 $aContents; Editor's Foreword; Chronology; Introduction; The Dictionary; Bibliography; About the Author 330 $aThis compendium of explorers, navigators, and expeditions tackles this broad topic with a convenient, but extensive cross-referenced dictionary. A chronology traces the long succession of treks to find the passage, the introduction helps explain what motivated them, and the bibliography provides a means for those wishing to discover more information on this exciting subject. 410 0$aHistorical dictionaries of discovery and exploration ;$vno. 3. 607 $aNorthwest Passage$xDiscovery and exploration$vDictionaries 607 $aNorthwest Passage$xHistory$vDictionaries 608 $aElectronic books. 676 $a910/.9163/27 700 $aDay$b Alan Edwin$0927544 801 0$bMiAaPQ 801 1$bMiAaPQ 801 2$bMiAaPQ 906 $aBOOK 912 $a9910453592303321 996 $aHistorical dictionary of the discovery and exploration of the Northwest Passage$92167033 997 $aUNINA LEADER 01806nam 2200361Ia 450 001 996383958503316 005 20200824132445.0 035 $a(CKB)1000000000591964 035 $a(EEBO)2240921532 035 $a(OCoLC)ocm57402285e 035 $a(OCoLC)57402285 035 $a(EXLCZ)991000000000591964 100 $a20050111d1628 uy 0 101 0 $aeng 135 $aurbn||||a|bb| 200 02$aA catalogve of the names of the knights for the counties, citizens, burgesses for the boroughs, and barons for the ports for the House of Commons for this parliament$b[electronic resource] $eBegunne at Westminster the 17. of March, 1627. and continued in 1628. and now proroged to the 20. of Ianuary. 210 $aLondon $cPrinted for Thomas Walkley: and are to be sold at his Shop at the signe of the Eagle and Child in Brittaines Bursse.$d1628. 215 $a[16] p 300 $aFilmed copy includes ms. notes on edition, preceding, and title page only of "A most exact catalogue of the nobilitie of England, Scotland, and Ireland. Printed 1628," following. 300 $aPrinters' device (McK. 290) on t.p. 300 $aSignature: A⁸. 300 $aImperfect: tightly bound and with print show-through. 300 $aReproduction of original in: University of Texas at Austin. Library. 330 $aeebo-0179 607 $aGreat Britain$xPolitics and government$y1625-1649 701 $aWalkley$b Thomas$fd. 1658?$01003409 712 02$aGreat Britain.$bParliament.$bHouse of Commons. 801 0$bEAE 801 1$bEAE 906 $aBOOK 912 $a996383958503316 996 $aA catalogve of the names of the knights for the counties, citizens, burgesses for the boroughs, and barons for the ports for the House of Commons for this parliament$92319554 997 $aUNISA